| 000 | 00825cam a2200229 4500 | ||
|---|---|---|---|
| 001 | ABS62543 | ||
| 008 | 000000n2000 000 0 eng u | ||
| 035 | _a(Sirsi) u106467 | ||
| 245 | _aBetter environment can boost farming | ||
| 260 | _c2000 | ||
| 490 |
_aFarmers' Weekly _v132(22) 2 June, s46-s47(2) |
||
| 520 | _aLooks at the NALMI project - an environmental improvement initiative planned and funded by the Countryside Agency. NALMI is helping farmers in three keys areas: economic, environmental and social. Details of grants aimed at supporting sustainability. | ||
| 590 | _aABS | ||
| 650 | _aNALMI | ||
| 650 | _aFARM DIVERSIFICATION | ||
| 650 | _aFARMERS | ||
| 650 | _aENVIRONMENTAL SUSTAINABILITY | ||
| 650 | _aRURAL AREAS | ||
| 650 | _aFARM BUSINESS MANAGEMENT | ||
| 690 |
_aRural _96268 |
||
| 942 | _n0 | ||
| 999 |
_c63775 _d63775 |
||